| 000 | 01195nam0a22002651 4500 | ||
|---|---|---|---|
| 001 | v19\rc\1666529 | ||
| 005 | 20250619012020.0 | ||
| 035 | _a(NLR Aleph) 004774912 | ||
| 090 |
_a4646642 _c4646642 |
||
| 100 | _a20061002d1892 |||y0rusy50 ca | ||
| 101 | 1 |
_arus _ager _cger |
|
| 102 | _aRU | ||
| 105 | _ag z ||||| | ||
| 200 | 1 |
_aБольшая теоретическая и практическая школа для систематического изучения игры на фортепьяно _fСоч. С. Леберта и Л. Штарка, проф. консерватории в Штутгарте |
|
| 210 |
_aСанкт-Петербург _aМосква _cтип. Э. Арнгольда _dценз. 1892 _eСанкт-Петербург |
||
| 215 |
_aXXIV с. _cнот. _d34 |
||
| 300 | _aТекст парал. на рус. и нем. яз. | ||
| 700 | 1 |
_7ca _8rus _aЛеберт _bЗ. _f1821-1884 _gЗигмунд _9223256 _3RU\NLR\AUTH\770223312 |
|
| 701 | 1 |
_7ca _8rus _aШтарк _bЛ. _f1831-1884 _gЛюдвиг _9223348 _3RU\NLR\AUTH\770223404 |
|
| 801 | 0 |
_aRU _bNLR _gpsbo |
|
| 801 | 1 |
_aRU _bProSoft-M _2rusmarc |
|
| 852 |
_aNLR _j18.207.1.338 |
||
| 942 | _cBOOK | ||
| 980 | _aNB | ||